书目信息 |
| 题名: |
怎样起草国际间合营企业协议
|
|
| 作者: | ;外国投资管理委员会调研室 编 | |
| 分册: | ||
| 出版信息: | 北京 中国财政经济出版社 1980 |
|
| 页数: | 148页 | |
| 开本: | 19cm | |
| 丛书名: | ||
| 单 册: | ||
| 中图分类: | F125.3 | |
| 科图分类: | ||
| 主题词: | 国际贸易-贸易协定--基本知识 , 贸易协定-国际贸易--基本知识 , 经济--中国 | |
| 电子资源: | ||
| ISBN: | ||
| 000 | 00815nam0 2200265 45 | |
| 001 | 0180002494 | |
| 005 | 20040427112107.1 | |
| 010 | @dCNY0.40 | |
| 091 | @a4166.212 | |
| 100 | @a19950629d1980 emky0chiy0121 ea | |
| 101 | 0 | @achi |
| 102 | @aCN@b110000 | |
| 105 | @ay z 000yy | |
| 106 | @ar | |
| 200 | 10 | @a怎样起草国际间合营企业协议@Azen yang qi cao guo ji jian he ying qi ye xie yi@f外国投资管理委员会调研室编 |
| 210 | @a北京@c中国财政经济出版社@d1980 | |
| 215 | @a148页@d19cm | |
| 606 | @a国际贸易-贸易协定@x基本知识 | |
| 606 | @a贸易协定-国际贸易@x基本知识 | |
| 606 | 0 | @a经济@x中国 |
| 690 | @aF125.3 | |
| 711 | 02 | @a外国投资管理委员会调研室@Awai guo tou zi guan li wei yuan hui diao yan shi@4编 |
| 801 | 0 | @aCN@b上海图书馆@c20040427 |
| 801 | 2 | @aCN@bNLC@c20040427 |
| 905 | @f1@b73553@dF125.3@e3 | |
| 怎样起草国际间合营企业协议/外国投资管理委员会调研室编.-北京:中国财政经济出版社,1980 |
| 148页;19cm |
| ISBN :CNY0.40 |
| ● |
| 相关链接 |
|
|
|
|
正题名:怎样起草国际间合营企业协议
索取号:F125.3/3
 
预约/预借
| 序号 | 登录号 | 条形码 | 馆藏地/架位号 | 状态 | 备注 |
| 1 | 0073553 | 000200543 | 密集书库/ [索取号:F125.3/3] | 在馆 | |
| 2 | 0073554 | 000200507 | 第一样本阅览室/ [索取号:F125.3/3] | 在馆 |